1923 1082 1900 1197 1164 1546 1957 1500 1625 1371 1491 1314 1879 1619 1420 1936 1902 1830 1022 1579 1381 1006 1654 1662 1968 1564 1736 1799 1610 1027 1274 1372 1981 1977 1228 1189 1682 1946 1703 1615 1640 1129 1056 1990 1346 1696 1980 1796 1269 1964 1329 1105 1349 1346 1659 1723 1139 1674 1780 1862 1680 1747 1625 1620 1315 1391 1736 1655 1549 1137 1963 1506 1711 1297 1843 1618 1716 1182 1907 1235 1385 1867 1123 1206 1523 1880 1202 1587 1565 1405 1042 1932 1386 1098 1917 1514 1960 1423 1902 BCNSPRNW ULIB Ver.6.0+V

เปลี่ยนเป็นภาษาไทย

Change to English
 แสดงรายละเอียดบรรณานุกรม
  กลับหน้าหลัก

Brief Record : Get Marc (ISO 2709) : E-mail record : QR code < ปิดหน้าต่าง
LEADER : 00000nam 2200000uu 4500
001    13399111518
003     ULIB
008    110629s||||||||th 000 0 tha d
020    9789740548041
050  4 BQ4570^bว111ธ 2551
100 0  ว.วชิรเมธี
245 10 ธรรมะคลายใจ /^cว.วชิรเมธี
250    พิมพ์ครั้งที่ 3
260    กรุงเทพฯ :^bอมรินทร์ธรรมะ,^c2551
300    282 หน้า :^bภาพประกอบ ;^c16 ซม.
650  7 ธรรมะ
650  7 ธรรมะกับชีวิตประจำวัน
945    ^p195^l0^i024857
945    ^p195^l0^i024856
995    ทศพร
999 ^a ใช้งานได้ทุกระบบ
รายการนี้ยังไม่มีแท็ก
คุณยังไม่ได้ล็อกอิน คุณสามารถมีกิจกรรมร่วมกับเว็บไซต์ได้ แต่ต้องล็อกอินก่อน ::
  ล็อกอิน

รายการสื่อสารสนเทศ

ลำดับที่ ประเภท เลขเรียก/บาร์โค้ด สถานที่ สถานะ
- ไม่พบข้อมูล -

รายการใกล้เคียง
    ผู้แต่ง [ว.วชิรเมธี]

    หัวเรื่อง [ธรรมะ]
    หัวเรื่อง [ธรรมะกับชีวิตประจำวัน]

BibComment


ยังไม่เคยถูกคอมเมนท์

คอมเมนท์ทรัพยากรรายการนี้
  คอมเมนท์: ธรรมะคลายใจ ววชิ..


 Copyright 2026. Bcnsprnw @Library